[Event "BL2-West 2122"]
[Site "Germany"]
[Date "2022.06.18"]
[Round "7.1"]
[White "Kotainy, Jens"]
[Black "Lubbe, Nikolas"]
[Result "0-1"]
[WhiteElo "2444"]
[BlackElo "2446"]
[PlyCount "138"]
[EventDate "2022.03.05"]
[EventType "team-tourn"]
[EventRounds "10"]
[EventCountry "GER"]
[SourceTitle "EXT 2023"]
[Source "ChessBase"]
[SourceDate "2022.10.05"]
[SourceVersion "1"]
[SourceVersionDate "2022.10.05"]
[SourceQuality "1"]
[WhiteTeam "Bochum"]
[BlackTeam "Neuberg"]
[WhiteTeamCountry "GER"]
[BlackTeamCountry "GER"]

1. d4 Nf6 2. Bf4 d6 3. e3 g6 4. Nc3 Nbd7 5. Nf3 Nh5 6. Bg5 h6 7. Bh4 g5 8. Nd2 Ndf6 9. Be2 gxh4 10. Bxh5 Nxh5 11. Qxh5 Rg8 12. 0-0-0 Rxg2 13. Rhg1 h3 14. Rxg2 hxg2 15. Qf3 Qd7 16. Qxg2 Qh3 17. Qh1 c6 18. Rg1 Qf5 19. f4 Bd7 20. Qf3 d5 21. Nf1 0-0-0 22. Ng3 Qe6 23. Nd1 c5 24. Qh5 cxd4 25. exd4 Qf6 26. Qe5 Qc6 27. f5 e6 28. Qf6 Bd6 29. fxe6 fxe6 30. Qxh6 Qa4 31. Ne2 Qxa2 32. Nf4 Qa1+ 33. Kd2 Qa6 34. Nd3 e5 35. Rg6 Bf5 36. Rxd6 Qxd6 37. Qg5 Bxd3 38. cxd3 exd4 39. Qg4+ Kb8 40. Qxd4 Qxh2+ 41. Kc1 Qh6+ 42. Kb1 Qh8 43. Qf4+ Ka8 44. Nc3 d4 45. Ne4 Qh5 46. Qf6 Qd1+ 47. Ka2 Qa4+ 48. Kb1 Rg8 49. Qf1 Qc6 50. Qf2 Rd8 51. Nd2 Qh1+ 52. Ka2 Qd1 53. Qf6 Qa4+ 54. Kb1 Rc8 55. Qf5 Rh8 56. Qf3 Qc6 57. Ne4 a6 58. Qg2 Qh6 59. Qc2 Qe6 60. Qg2 Qh3 61. Qc2 Rc8 62. Qb3 Qf1+ 63. Ka2 Rc1 64. Ka3 Ra1+ 65. Kb4 Qf8+ 66. Nc5 a5+ 67. Kb5 Qe8+ 68. Kc4 Rc1+ 69. Kxd4 Qh8+ 0-1

[Event "Oberliga NRW 1920"]
[Site "Germany"]
[Date "2019.12.15"]
[Round "4.1"]
[White "Kotainy, Jens"]
[Black "Sielecki, Christof"]
[Result "1/2-1/2"]
[WhiteElo "2429"]
[BlackElo "2376"]
[PlyCount "32"]
[EventDate "2019.09.15"]
[EventType "team-tourn"]
[EventRounds "9"]
[EventCountry "GER"]
[SourceTitle "EXT 2022"]
[Source "ChessBase"]
[SourceDate "2021.10.06"]
[SourceVersion "1"]
[SourceVersionDate "2021.10.06"]
[SourceQuality "1"]
[WhiteTeam "Bochum SG"]
[BlackTeam "Dinslaken"]
[WhiteTeamCountry "GER"]
[BlackTeamCountry "GER"]

1. d4 Nf6 2. Nf3 e6 3. Bg5 h6 4. Bh4 d6 5. e3 g5 6. Bg3 Nh5 7. Bd3 Bg7 8. Nbd2 Nc6 9. c3 Qe7 10. Qe2 Bd7 11. Nc4 Nxg3 12. hxg3 e5 13. dxe5 d5 14. Ncd2 Nxe5 15. Nxe5 Qxe5 16. g4 0-0-0 1/2-1/2

[Event "BL2-West 1718"]
[Site "Germany"]
[Date "2017.11.12"]
[Round "3.3"]
[White "Wegerle, Joerg"]
[Black "Kotainy, Jens"]
[Result "0-1"]
[WhiteElo "2425"]
[BlackElo "2411"]
[PlyCount "88"]
[EventDate "2017.10.08"]
[EventType "team-tourn"]
[EventRounds "9"]
[EventCountry "GER"]
[SourceTitle "CBM 183 Extra"]
[Source "ChessBase"]
[SourceDate "2018.04.19"]
[SourceVersion "1"]
[SourceVersionDate "2018.04.19"]
[SourceQuality "1"]
[WhiteTeam "Solingen"]
[BlackTeam "Bochum SG"]
[WhiteTeamCountry "GER"]
[BlackTeamCountry "GER"]

1. e4 e6 2. d4 d5 3. exd5 exd5 4. Nf3 Nf6 5. Bg5 h6 6. Bh4 Be6 7. Nbd2 Nbd7 8. c3 g5 9. Bg3 Nh5 10. Bd3 Nxg3 11. hxg3 Qf6 12. Qa4 Bd6 13. Nf1 c6 14. Ne3 h5 15. Qc2 0-0-0 16. 0-0-0 Kb8 17. Kb1 Rde8 18. Qd2 Bc7 19. Rde1 h4 20. gxh4 gxh4 21. Ng1 c5 22. Bc2 cxd4 23. cxd4 Nb6 24. b3 Bd6 25. Nh3 Rhg8 26. Re2 Rc8 27. f3 Qe7 28. Nd1 Bb4 29. Qe3 Qc7 30. Qd3 a6 31. Ne3 Bd7 32. a4 Qd6 33. Nf5 Qf6 34. Qe3 Rxc2 35. Kxc2 Bxf5+ 36. Kb2 Bd6 37. Qd2 Ka7 38. Qe3 Bd7 39. Qd3 Rg3 40. Ka2 Be6 41. Qc3 Nd7 42. Rb2 Qe7 43. Re2 Nb8 44. Qe3 Qf6 0-1

[Event "BL2-West 1718"]
[Site "Germany"]
[Date "2017.10.08"]
[Round "1.3"]
[White "Vandenbussche, Thibaut"]
[Black "Kotainy, Jens"]
[Result "0-1"]
[WhiteElo "2401"]
[BlackElo "2411"]
[PlyCount "140"]
[EventDate "2017.10.08"]
[EventType "team-tourn"]
[EventRounds "9"]
[EventCountry "GER"]
[SourceTitle "CBM 183 Extra"]
[Source "ChessBase"]
[SourceDate "2018.04.19"]
[SourceVersion "1"]
[SourceVersionDate "2018.04.19"]
[SourceQuality "1"]
[WhiteTeam "Aachen SV"]
[BlackTeam "Bochum SG"]
[WhiteTeamCountry "GER"]
[BlackTeamCountry "GER"]

1. e4 e6 2. d4 d5 3. Nc3 Nf6 4. Bg5 dxe4 5. Nxe4 Be7 6. Bxf6 gxf6 7. Qd3 e5 8. 0-0-0 Qxd4 9. Qxd4 exd4 10. Rxd4 Nc6 11. Bb5 Bd7 12. Rd1 a6 13. Ba4 Rg8 14. Ne2 0-0-0 15. Nf4 f5 16. Nc3 Bd6 17. Ncd5 Nb4 18. Bxd7+ Rxd7 19. g3 Bxf4+ 20. Nxf4 Nxa2+ 21. Kb1 Rxd1+ 22. Rxd1 Nb4 23. c3 Nc6 24. Rd5 Ne7 25. Re5 Kd7 26. Nd3 b6 27. Re3 Ng6 28. Rf3 Ke6 29. Nb4 a5 30. Nc6 Kd5 31. Nd4 f4 32. gxf4 c5 33. Ne2 f5 34. Ng3 Rf8 35. Kc2 a4 36. Nh5 Kc4 37. Ng3 b5 38. Nf1 Kd5 39. Kd3 Rd8 40. Ng3 Rf8 41. Nh5 b4 42. cxb4 cxb4 43. Kd2 Kc4 44. Ng3 Rd8+ 45. Kc1 Nh4 46. Re3 Ng2 47. Re7 Nxf4 48. Nxf5 Nd3+ 49. Kc2 b3+ 50. Kb1 Nxf2 51. Rc7+ Kb5 52. Ne3 Rd3 53. Nf1 Ne4 54. Kc1 Rf3 55. Ng3 Nxg3 56. hxg3 Rf1+ 57. Kd2 Rb1 58. Rb7+ Kc6 59. Rb4 Rxb2+ 60. Kc3 Rc2+ 61. Kd3 Rc1 62. Kd2 Ra1 63. Kc3 Rc1+ 64. Kd2 Kc5 65. Rb7 Rc4 66. Rc7+ Kb4 67. Rxh7 Rg4 68. Rh4 Rxh4 69. gxh4 b2 70. Kc2 Ka3 0-1

[Event "BL2-West 1617"]
[Site "Germany"]
[Date "2017.03.19"]
[Round "7.2"]
[White "Mainka, Romuald"]
[Black "Kotainy, Jens"]
[Result "1/2-1/2"]
[WhiteElo "2408"]
[BlackElo "2400"]
[PlyCount "49"]
[EventDate "2016.10.16"]
[EventType "team-tourn"]
[EventRounds "9"]
[EventCountry "GER"]
[SourceTitle "EXT 2018"]
[Source "ChessBase"]
[SourceDate "2017.10.13"]
[SourceVersion "1"]
[SourceVersionDate "2017.10.13"]
[SourceQuality "1"]
[WhiteTeam "Dortmund Hansa"]
[BlackTeam "Bochum"]
[WhiteTeamCountry "GER"]
[BlackTeamCountry "GER"]

1. e4 e6 2. d4 d5 3. Nd2 c5 4. exd5 Qxd5 5. dxc5 Qxc5 6. Ngf3 Nf6 7. Bd3 Be7 8. 0-0 0-0 9. Re1 Nc6 10. Ne4 Nxe4 11. Bxe4 Rd8 12. Qe2 Bf6 13. c3 Bd7 14. a4 Be8 15. a5 Qh5 16. Bf4 Rac8 17. Qe3 Qb5 18. Qe2 Qxe2 19. Rxe2 h6 20. h3 b6 21. axb6 axb6 22. Be3 b5 23. Bb6 Rd6 24. Bc5 Rdd8 25. Bb6 1/2-1/2

[Event "BL2-West 1617"]
[Site "Germany"]
[Date "2017.02.05"]
[Round "5.2"]
[White "Wegerle, Joerg"]
[Black "Kotainy, Jens"]
[Result "0-1"]
[WhiteElo "2438"]
[BlackElo "2400"]
[PlyCount "62"]
[EventDate "2016.10.16"]
[EventType "team-tourn"]
[EventRounds "9"]
[EventCountry "GER"]
[SourceTitle "EXT 2018"]
[Source "ChessBase"]
[SourceDate "2017.10.13"]
[SourceVersion "1"]
[SourceVersionDate "2017.10.13"]
[SourceQuality "1"]
[WhiteTeam "Solingen II"]
[BlackTeam "Bochum"]
[WhiteTeamCountry "GER"]
[BlackTeamCountry "GER"]

1. e4 e6 2. d4 d5 3. exd5 exd5 4. Nf3 Nf6 5. Bd3 Bd6 6. 0-0 0-0 7. Bg5 Bg4 8. Nbd2 c5 9. dxc5 Bxc5 10. h3 Bh5 11. Nb3 Bb6 12. Be2 Nc6 13. c3 Re8 14. Nbd4 h6 15. Be3 Ne4 16. Nxc6 bxc6 17. Nd4 Bxe2 18. Qxe2 c5 19. Nf5 Qf6 20. Qf3 d4 21. cxd4 cxd4 22. Bc1 d3 23. Be3 Bxe3 24. Nxe3 Qxb2 25. Rab1 Qxa2 26. Rb7 Nd2 27. Qg4 Rxe3 28. fxe3 Nxf1 29. Kxf1 Qa1+ 30. Kf2 d2 31. Qd7 Qe1+ 0-1

[Event "GER-chT U20"]
[Site "Naumburg Saale"]
[Date "2014.12.30"]
[Round "7.1"]
[White "Grigorian, Spartak"]
[Black "Kotainy, Jens"]
[Result "1/2-1/2"]
[WhiteElo "2200"]
[BlackElo "2334"]
[PlyCount "42"]
[EventDate "2014.12.27"]
[EventType "team-swiss"]
[EventRounds "7"]
[EventCountry "GER"]
[SourceTitle "EXT 2016"]
[Source "ChessBase"]
[SourceDate "2015.10.08"]
[SourceVersion "1"]
[SourceVersionDate "2015.10.08"]
[SourceQuality "1"]
[WhiteTeam "Wildeshausen"]
[BlackTeam "Bochum"]
[WhiteTeamCountry "GER"]
[BlackTeamCountry "GER"]

1. Nf3 c5 2. e4 Nf6 3. Nc3 d5 4. exd5 Nxd5 5. Bb5+ Bd7 6. Bxd7+ Qxd7 7. d4 cxd4 8. Nxd5 Qxd5 9. Qxd4 Qxd4 10. Nxd4 a6 11. 0-0 Nd7 12. Re1 0-0-0 13. Nf3 f6 14. Be3 e5 15. Red1 Be7 16. Nd2 Bc5 17. Nc4 Bxe3 18. Nxe3 Nb6 19. b3 Rd7 20. Rxd7 Kxd7 21. Rd1+ Ke6 1/2-1/2

[Event "GER-chT U20"]
[Site "Naumburg Saale"]
[Date "2014.12.27"]
[Round "2.1"]
[White "Kotainy, Jens"]
[Black "Pauly, Carlo"]
[Result "1/2-1/2"]
[WhiteElo "2334"]
[BlackElo "2198"]
[PlyCount "58"]
[EventDate "2014.12.27"]
[EventType "team-swiss"]
[EventRounds "7"]
[EventCountry "GER"]
[SourceTitle "EXT 2016"]
[Source "ChessBase"]
[SourceDate "2015.10.08"]
[SourceVersion "1"]
[SourceVersionDate "2015.10.08"]
[SourceQuality "1"]
[WhiteTeam "Bochum"]
[BlackTeam "Porz SG"]
[WhiteTeamCountry "GER"]
[BlackTeamCountry "GER"]

1. Nf3 Nf6 2. g3 g6 3. Bg2 Bg7 4. c4 d6 5. Nc3 0-0 6. 0-0 Nc6 7. d4 a6 8. b3 Rb8 9. Ne1 Bd7 10. Bb2 b5 11. c5 b4 12. Na4 d5 13. Nd3 Ne4 14. f3 Nc3 15. Bxc3 bxc3 16. e3 e5 17. dxe5 Nxe5 18. Nxe5 Bxa4 19. f4 Bb5 20. Rf2 Bxe5 21. fxe5 Qe7 22. Qd4 Rbe8 23. Bxd5 Qxe5 24. a4 Bd7 25. Rc1 Bh3 26. Bg2 Bxg2 27. Kxg2 Qxe3 28. Qxc3 a5 29. Rcc2 Re5 1/2-1/2

[Event "Dortmund Sparkassen op-A"]
[Site "Dortmund"]
[Date "2013.07.29"]
[Round "3"]
[White "Kotainy, Jens"]
[Black "Mundorf, Johannes"]
[Result "1-0"]
[WhiteElo "2459"]
[BlackElo "2205"]
[PlyCount "51"]
[EventDate "2013.07.27"]
[EventType "swiss"]
[EventRounds "9"]
[EventCountry "GER"]
[SourceTitle "CBM 155 Extra"]
[Source "ChessBase"]
[SourceDate "2013.08.26"]
[SourceVersion "1"]
[SourceVersionDate "2013.08.26"]
[SourceQuality "1"]

1. e4 e6 2. d4 d5 3. Nc3 Nc6 4. e5 a6 5. Nf3 f6 6. Bd3 fxe5 7. Nxe5 Nxe5 8. dxe5 Qh4 9. Qf3 Bd7 10. g3 Qe7 11. Bd2 Nh6 12. 0-0-0 Qf7 13. Qg2 Bb4 14. Rhf1 Nf5 15. Kb1 0-0-0 16. Ne2 Bxd2 17. Rxd2 Bb5 18. Bxb5 axb5 19. Qg1 Qe7 20. g4 Nh4 21. f4 c6 22. Nd4 Rhf8 23. f5 exf5 24. gxf5 Kd7 25. Qg3 c5 26. e6+ 1-0

[Event "Neckar op-A 17th"]
[Site "Deizisau"]
[Date "2013.04.01"]
[Round "8"]
[White "Solodovnichenko, Yuri"]
[Black "Kotainy, Jens"]
[Result "1-0"]
[WhiteElo "2559"]
[BlackElo "2413"]
[PlyCount "177"]
[EventDate "2013.03.28"]
[EventType "swiss"]
[EventRounds "9"]
[EventCountry "GER"]
[SourceTitle "CBM 153 Extra"]
[Source "ChessBase"]
[SourceDate "2013.04.22"]
[SourceVersion "1"]
[SourceVersionDate "2013.04.22"]
[SourceQuality "1"]

1. e4 e6 2. d4 d5 3. Nc3 Nf6 4. e5 Nfd7 5. f4 c5 6. Nf3 Nc6 7. Be3 Be7 8. Qd2 0-0 9. Be2 a6 10. 0-0 b5 11. a3 Qb6 12. Nd1 Bb7 13. Nf2 Qc7 14. Rad1 cxd4 15. Nxd4 Rac8 16. c3 Na5 17. Bd3 Nc4 18. Qe2 Rfe8 19. Bc1 g6 20. Ng4 Bf8 21. h4 h5 22. Nf2 Qd8 23. g4 Qxh4 24. Kg2 hxg4 25. Rh1 Qe7 26. Nxg4 Bg7 27. Qf3 Kf8 28. Rh7 f5 29. exf6 Nxf6 30. Ne5 Kg8 31. Nxg6 Qd6 32. Rh3 Rc7 33. Ne5 Kf8 34. Rg3 Qb6 35. Rg1 Ree7 36. Ng6+ Ke8 37. Nxe7 Rxe7 38. Kf1 Bf8 39. Rg6 Rf7 40. Qh3 e5 41. Qe6+ Qxe6 42. Nxe6 Nd7 43. Rg8 Ke7 44. Nxf8 Nxf8 45. R8g7 exf4 46. Bxc4 dxc4 47. Bxf4 Ne6 48. Rxf7+ Kxf7 49. Be3 Ke7 50. Rg4 Bf3 51. Rh4 Kd6 52. a4 Bc6 53. a5 Bb7 54. Kf2 Kd5 55. Rh7 Kc6 56. Kf3 Nd8 57. Bf4 Ne6 58. Be3 Nd8 59. Ke4 Kd6+ 60. Kf5 Bc8+ 61. Kf6 Nc6 62. Bb6 b4 63. Bc7+ Kd5 64. Rh5+ Ke4 65. Rc5 bxc3 66. Rxc4+ Kd5 67. Rxc3 Bg4 68. Bb6 Nb4 69. Bc5 Na2 70. Ra3 Kxc5 71. Rxa2 Bf3 72. Ke7 Kb5 73. Kd6 Kb4 74. Kc7 Kb5 75. b4 Bd5 76. Rb2 Be4 77. Kd6 Bd3 78. Kd5 Bf1 79. Kd4 Bh3 80. Kc3 Kc6 81. Rh2 Bf1 82. Rh6+ Kd5 83. Rh5+ Kc6 84. Kd4 Be2 85. Rh6+ Kb5 86. Rb6+ Ka4 87. Kc5 Bf1 88. b5 Kxa5 89. Rxa6# 1-0

[Event "Neckar op-A 17th"]
[Site "Deizisau"]
[Date "2013.03.31"]
[Round "7"]
[White "Kotainy, Jens"]
[Black "Wirig, Anthony"]
[Result "1/2-1/2"]
[WhiteElo "2413"]
[BlackElo "2490"]
[PlyCount "164"]
[EventDate "2013.03.28"]
[EventType "swiss"]
[EventRounds "9"]
[EventCountry "GER"]
[SourceTitle "CBM 153 Extra"]
[Source "ChessBase"]
[SourceDate "2013.04.22"]
[SourceVersion "1"]
[SourceVersionDate "2013.04.22"]
[SourceQuality "1"]

1. e4 c5 2. c3 d5 3. exd5 Qxd5 4. d4 Nc6 5. Nf3 Bf5 6. Be3 cxd4 7. Nxd4 Nf6 8. Nxf5 Qxf5 9. Bd3 Qd5 10. 0-0 0-0-0 11. Be2 Qxd1 12. Rxd1 Rxd1+ 13. Bxd1 Nd5 14. Bc1 e6 15. g3 Be7 16. Nd2 Rd8 17. Be2 Bg5 18. f4 Be7 19. Nb3 g6 20. Kg2 h5 21. Bd2 Bd6 22. Rd1 Bc7 23. Na1 Bb6 24. Nc2 Nf6 25. Bc1 Rxd1 26. Bxd1 Ne4 27. Ne1 Nd6 28. Nd3 Bd8 29. Be2 Bf6 30. Be3 b6 31. Bf3 Kc7 32. Bd1 Nf5 33. Bc1 Nd6 34. Kf2 Ne4+ 35. Kf3 Nd6 36. Be2 Nf5 37. Nf2 Nd6 38. Ne4 Nxe4 39. Kxe4 Ne7 40. Be3 Nf5 41. Bf2 Nd6+ 42. Kd3 Be7 43. Bf3 Nb7 44. b4 a6 45. a4 Nd8 46. Kc4 Nc6 47. Bg2 Bd6 48. Be3 Be7 49. Bf1 Bd6 50. Bd3 Be7 51. Bd2 Bd6 52. Kb3 Kb7 53. Be4 Kc7 54. Bd3 Kb7 55. Be3 Be7 56. Bc1 Bd6 57. Ba3 Bc7 58. Be4 b5 59. axb5 axb5 60. Bc1 Bb6 61. h3 Bf2 62. g4 hxg4 63. hxg4 Kb6 64. Kc2 Bg1 65. Kd3 Ne7 66. Bd2 Kc7 67. Ke2 Bb6 68. Kd3 Kd6 69. Be1 Nd5 70. f5 gxf5 71. gxf5 Nf4+ 72. Kc2 Nd5 73. fxe6 fxe6 74. Bg3+ Kc6 75. Be5 Bd8 76. Kb3 Be7 77. Bg6 Kd7 78. Bd3 Kc6 79. Be4 Bf8 80. Kc2 Bd6 81. Bd4 Kc7 82. Bd3 Bxb4 1/2-1/2

[Event "Bundesliga 1213"]
[Site "Germany"]
[Date "2013.02.24"]
[Round "10"]
[White "Kotainy, Jens"]
[Black "Fish, Gennadij"]
[Result "1-0"]
[WhiteElo "2413"]
[BlackElo "2475"]
[PlyCount "91"]
[EventDate "2012.10.20"]
[EventType "team-tourn"]
[EventRounds "15"]
[EventCountry "GER"]
[SourceTitle "CBM 153"]
[Source "ChessBase"]
[SourceDate "2013.03.14"]
[SourceVersion "1"]
[SourceVersionDate "2013.03.14"]
[SourceQuality "1"]
[WhiteTeam "Katernberg"]
[BlackTeam "Werder Bremen"]
[WhiteTeamCountry "GER"]
[BlackTeamCountry "GER"]

1. e4 c5 2. c3 e6 3. d4 d5 4. exd5 exd5 5. Nf3 Nc6 6. Bb5 Bd6 7. dxc5 Bxc5 8. 0-0 Nge7 9. Nbd2 Bg4 10. h3 Bh5 11. Bd3 h6 12. Nb3 Bd6 13. Be3 0-0 14. Re1 Ne5 15. Be2 Nc4 16. Bxc4 dxc4 17. Nbd2 Rc8 18. Ne4 Rc6 19. Bd4 Bb8 20. Ng3 Bxg3 21. fxg3 Qc7 22. g4 Bg6 23. Be5 Qb6+ 24. Qd4 Qxd4+ 25. Nxd4 Ra6 26. Bxg7 Kxg7 27. Rxe7 Rb6 28. b4 cxb3 29. axb3 a6 30. Rae1 Rc8 31. R1e3 Kf6 32. Rd7 Rc5 33. h4 h5 34. g5+ Kg7 35. Re6 Rcb5 36. b4 Rxe6 37. Nxe6+ Kg8 38. Nf4 a5 39. Nd5 axb4 40. Rd8+ Kg7 41. Nf6 Bh7 42. Nxh5+ Kg6 43. g4 f5 44. Rf8 Rb6 45. cxb4 fxg4 46. Rf6+ 1-0

[Event "Bundesliga 1213"]
[Site "Germany"]
[Date "2013.02.23"]
[Round "9"]
[White "Janssen, Ruud"]
[Black "Kotainy, Jens"]
[Result "0-1"]
[WhiteElo "2483"]
[BlackElo "2413"]
[PlyCount "60"]
[EventDate "2012.10.20"]
[EventType "team-tourn"]
[EventRounds "15"]
[EventCountry "GER"]
[SourceTitle "CBM 153"]
[Source "ChessBase"]
[SourceDate "2013.03.14"]
[SourceVersion "1"]
[SourceVersionDate "2013.03.14"]
[SourceQuality "1"]
[WhiteTeam "Emsdetten Turm"]
[BlackTeam "Katernberg"]
[WhiteTeamCountry "GER"]
[BlackTeamCountry "GER"]

1. c4 e5 2. g3 Nc6 3. Nc3 g6 4. Bg2 Bg7 5. e4 d6 6. Nge2 Nge7 7. d3 0-0 8. 0-0 Be6 9. Nd5 a5 10. Be3 a4 11. Qd2 Nd4 12. Rae1 c5 13. f4 Nxd5 14. exd5 Bg4 15. Nxd4 exd4 16. Bf2 Qd7 17. b4 axb3 18. axb3 b5 19. Ra1 Rfe8 20. Rxa8 Rxa8 21. Qb2 Bf5 22. Rd1 Qa7 23. cxb5 Qa5 24. Bf3 Qxb5 25. g4 Bxd3 26. Qd2 c4 27. bxc4 Bxc4 28. Bxd4 Qb3 29. Be3 Ra2 30. Qe1 Be2 0-1

[Event "EU-chT U18 12th"]
[Site "Pardubice"]
[Date "2012.07.17"]
[Round "8"]
[White "Kotainy, Jens"]
[Black "Kraus, Tomas"]
[Result "1-0"]
[WhiteElo "2410"]
[BlackElo "2272"]
[PlyCount "61"]
[EventDate "2012.07.12"]
[EventType "team-tourn"]
[EventRounds "9"]
[EventCountry "CZE"]
[SourceTitle "EXT 2020"]
[Source "ChessBase"]
[SourceDate "2019.10.17"]
[SourceVersion "1"]
[SourceVersionDate "2019.10.17"]
[SourceQuality "1"]
[WhiteTeam "Germany U18"]
[BlackTeam "Czech Republic U18"]
[WhiteTeamCountry "GER"]
[BlackTeamCountry "CZE"]

1. e4 g6 2. d4 Bg7 3. Nc3 c6 4. Nf3 d5 5. Bd3 Bg4 6. Be3 e5 7. Be2 Bxf3 8. Bxf3 dxe4 9. Nxe4 Nf6 10. Nxf6+ Bxf6 11. dxe5 Qxd1+ 12. Rxd1 Bxe5 13. 0-0 0-0 14. c3 a5 15. Rfe1 Re8 16. g3 Na6 17. Rd7 Bc7 18. Be2 Rad8 19. Red1 Rxd7 20. Rxd7 Rd8 21. Re7 Kf8 22. Re4 Nb8 23. Bg5 Rc8 24. Bh6+ Kg8 25. Re7 b5 26. c4 Bd6 27. Ra7 bxc4 28. Bxc4 Bc7 29. b3 c5 30. Bd5 Nd7 31. Bb7 1-0

[Event "EU-chT U18 12th"]
[Site "Pardubice"]
[Date "2012.07.16"]
[Round "7"]
[White "Dragun, Kamil"]
[Black "Kotainy, Jens"]
[Result "1/2-1/2"]
[WhiteElo "2434"]
[BlackElo "2410"]
[PlyCount "37"]
[EventDate "2012.07.12"]
[EventType "team-tourn"]
[EventRounds "9"]
[EventCountry "CZE"]
[SourceTitle "EXT 2020"]
[Source "ChessBase"]
[SourceDate "2019.10.17"]
[SourceVersion "1"]
[SourceVersionDate "2019.10.17"]
[SourceQuality "1"]
[WhiteTeam "Poland U18"]
[BlackTeam "Germany U18"]
[WhiteTeamCountry "POL"]
[BlackTeamCountry "GER"]

1. c4 e6 2. Nf3 d5 3. g3 Nf6 4. Bg2 dxc4 5. Qa4+ c6 6. Qxc4 b5 7. Qc2 Bb7 8. 0-0 Be7 9. d4 0-0 10. Nc3 Nbd7 11. Ne5 Nxe5 12. dxe5 Nd5 13. Rd1 Qb6 14. Nxd5 cxd5 15. Be3 Qa5 16. Bd2 Qb6 17. Be3 Qa5 18. Bd2 Qb6 19. Be3 1/2-1/2